Представление документа в формате RUSMARC

Поле Инд. ПП Название Значение
Тип записи a
Библиографический уровень a
001 Контрольный номер 1c93caf0e9d148638f1b78ca29f7cb66
005 Дата корректировки 20181120134523.9
100 a Данные общей обработки 20180910 ||| 0rusy0189 ca
101 0_ a Язык текста rus
102 a Страна публикации RU
200 1_ f Первые сведения об ответственности Н.В. Михайлова, Г.А. Удодов
a Заглавие У истоков российского парламентаризма. К вопросу о причинах появления многопартийной политической системы в России
b Общее обозначение материала Электронный ресурс
210 d Дата издания 2018
461 _0 1 2000
a Закон и право
463 _0 1 2000
a №8
v С. 44-48
1 2101
d 2018
1 00115b7a1fe5a604150a7ba329b8923d937
606 a Основная рубрика История государства и права
610 0_ a Ключевые слова ИСТОРИЯ ПРАВА РОССИИ
a Ключевые слова КОНСТИТУЦИЯ РФ
a Ключевые слова ПОЛИТИЧЕСКИЕ ПАРТИИ
a Ключевые слова ПОЛИТИЧЕСКАЯ СИСТЕМА
a Ключевые слова РЕФОРМЫ
700 _1 a Фамилия Михайлова
b Имя Н.В.
701 _1 a Фамилия Удодов
b Имя Г.А.
801 _0 a Страна RU
b Организация РГУП
c Дата составления 20180910
g Правила каталогизации PSBO
801 _1 a Страна RU
b Организация РГУП
c Дата составления 20180910
g Правила каталогизации PSBO
901 t Тип документа b
w Контрольный № источника 15b7a1fe5a604150a7ba329b8923d937
905 a Дата ввода 20180910